Jetpunk Quizzes With 1 Million Plays - Sudden Death - Statistics

General Stats
  • This quiz has been taken 31 times
  • The average score is 2 of 10
Answers on the Grid
Answers color-coded by a green-red scale on the quiz's grid according to % correct below.
Countries of the World Quiz
NBA MVPs Quiz
Fast Math - Addition
Countries that Start with E
General Knowledge Quiz #1
Languages by Version of John
Elements of the Periodic Table Quiz
Countries with two Ns
Fast Math - Double That Number!
Countries that Start with B
NBA Basketball Teams Quiz
US States Quiz
Fast Math - Multiplication
NBA 60 Points in a Game
World Capitals Quiz
Landlocked, Coastal, or Island?
World Map with Random Merged Countries
NBA Players With The Most 20+ Assist Games
Countries that Start with A
Countries that Start with O
 
Answer Stats
Answer % Correct
Countries of the World Quiz
82%
NBA MVPs Quiz
27%
Countries that Start with E
18%
Elements of the Periodic Table Quiz
18%
US States Quiz
18%
World Capitals Quiz
18%
Fast Math - Multiplication
14%
Countries that Start with B
9%
World Map with Random Merged Countries
9%
Countries that Start with A
5%
No matching quizzes found
Score Distribution
Percent of People with Each Score
Percentile by Number Answered
Your Score History
You have not taken this quiz